[Event "OPEN B - XVII MIEDZYNARODOWY FESTIWAL S"]
[Site "GOLD CHESS Open  - Rewal"]
[Date "2012.??.??"]
[Round "3.12"]
[White "Widla, Piotr"]
[Black "Lebiedowicz, Borys"]
[Result "1-0"]
[WhiteElo "1961"]
[BlackElo "1730"]
[PlyCount "113"]
[EventDate "2012.??.??"]

1. e4 e5 2. d4 exd4 3. Qxd4 Nc6 4. Qe3 Nf6 5. Nc3 Bb4 6. Bd2 O-O 7. O-O-O Re8
8. f3 d6 9. Bc4 Be6 10. Bxe6 fxe6 11. Nh3 a5 12. Nf4 a4 13. a3 Bc5 14. Qe2 Nd4
15. Qd3 c6 16. Nce2 Nxe2+ 17. Nxe2 Qe7 18. Bg5 Qf7 19. Rhf1 b5 20. Qc3 Reb8 21.
Be3 b4 22. Qd3 bxa3 23. bxa3 Qa7 24. Bxc5 Qxc5 25. Qc3 Qg5+ 26. Rd2 Qb5 27. Kd1
d5 28. e5 Nd7 29. f4 Nc5 30. Qh3 Qc4 31. Rd4 Rb1+ 32. Kd2 Nb3+ 33. Qxb3 Qxb3
34. cxb3 Rxf1 35. b4 Rf2 36. g3 Rxh2 37. Rd3 h6 38. Rc3 Ra6 39. Ke3 Kf7 40. Nd4
Rb2 41. Kf3 Rb6 42. g4 Ke8 43. f5 exf5 44. gxf5 Kd7 45. Re3 Ke7 46. Rc3 Kd7 47.
Re3 Rb8 48. f6 gxf6 49. exf6 Rf8 50. Re7+ Kc8 51. f7 Rb3+ 52. Ke2 Kd8 53. Nxc6+
Kc8 54. Re8+ Kd7 55. Rxf8 Rb2+ 56. Kd3 Rf2 57. Rd8+ 1-0

[Event "OPEN B - XVII MIEDZYNARODOWY FESTIWAL S"]
[Site "GOLD CHESS Open  - Rewal"]
[Date "2012.??.??"]
[Round "3.13"]
[White "Sroka, Janusz"]
[Black "Lopuszanski, Kamil"]
[Result "1-0"]
[WhiteElo "2109"]
[BlackElo "1840"]
[PlyCount "111"]
[EventDate "2012.??.??"]

1. d3 d5 2. Nf3 Nf6 3. Nbd2 g6 4. e4 c5 5. Be2 Bg7 6. O-O Nc6 7. c3 O-O 8. Re1
e5 9. Bf1 Rb8 10. a4 h6 11. Rb1 a6 12. b4 cxb4 13. cxb4 b5 14. Ba3 Qb6 15. a5
Qa7 16. Qc2 Bb7 17. Nb3 Rbc8 18. Nc5 Rfd8 19. Rbc1 dxe4 20. dxe4 Nd4 21. Nxd4
Rxd4 22. f3 Ne8 23. Qf2 Rd6 24. Rcd1 Rcd8 25. Rxd6 Rxd6 26. Bc1 Nc7 27. Be3 Qb8
28. Rc1 Ne6 29. g3 Nd4 30. Rd1 Bc8 31. h3 Qc7 32. Kg2 Qd8 33. Rc1 Kh7 34. h4
Nc6 35. Qe1 h5 36. Kh2 Bh6 37. Bxh6 Kxh6 38. Rc2 Kh7 39. Qc3 Nd4 40. Rf2 Nc6
41. f4 exf4 42. Rxf4 f6 43. Nd3 Be6 44. Rxf6 Nd4 45. Rf2 Bg4 46. Ne5 Qe8 47.
Nf7 Rd7 48. Ng5+ Kg8 49. e5 Ne6 50. Ne4 Kh8 51. Nf6 Qf8 52. Nxg4 Rf7 53. Rxf7
Qxf7 54. Nf6 Nc7 55. Bg2 Kg7 56. Qxc7 1-0

[Event "OPEN B - XVII MIEDZYNARODOWY FESTIWAL S"]
[Site "GOLD CHESS Open  - Rewal"]
[Date "2012.??.??"]
[Round "3.14"]
[White "Sowa, Martyna"]
[Black "Birkenmaier, Rainer"]
[Result "1/2-1/2"]
[WhiteElo "1765"]
[BlackElo "2099"]
[PlyCount "47"]
[EventDate "2012.??.??"]

1. e4 g6 2. d4 Bg7 3. Nc3 c5 4. Nf3 Nc6 5. d5 Nd4 6. Bd3 d6 7. Nxd4 Bxd4 8.
Bb5+ Bd7 9. Bxd7+ Qxd7 10. O-O Nf6 11. Ne2 Nxe4 12. Nxd4 cxd4 13. Qxd4 Nf6 14.
Bh6 Qg4 15. f4 Qf5 16. Rae1 Kd8 17. c4 Re8 18. Bg5 b6 19. Bxf6 Qxf6 20. Qxf6
exf6 21. Rxe8+ Kxe8 22. Re1+ Kd7 23. Kf2 f5 24. b3 1/2-1/2

[Event "OPEN B - XVII MIEDZYNARODOWY FESTIWAL S"]
[Site "GOLD CHESS Open  - Rewal"]
[Date "2012.??.??"]
[Round "3.15"]
[White "Grochulski, Grzegorz"]
[Black "Szeglowski, Tomasz"]
[Result "1-0"]
[WhiteElo "2095"]
[BlackElo "1757"]
[PlyCount "67"]
[EventDate "2012.??.??"]

1. e4 c5 2. Nf3 d6 3. d4 cxd4 4. Nxd4 Nf6 5. Nc3 g6 6. Nd5 Nxd5 7. Bb5+ Bd7 8.
exd5 Bg7 9. O-O h6 10. Be3 O-O 11. Bd3 Qa5 12. c4 Na6 13. a3 Rfc8 14. b4 Qd8
15. Rc1 Nc7 16. Qd2 Kh7 17. h4 b5 18. h5 bxc4 19. hxg6+ fxg6 20. Bxc4 Ne8 21.
g3 Nf6 22. Kg2 Ng4 23. Rh1 Nxe3+ 24. Qxe3 Qb6 25. Rxh6+ Bxh6 26. Rh1 Kg7 27.
Qxe7+ Kg8 28. Rxh6 Qxd4 29. Rxg6+ Kh8 30. Rh6+ Kg8 31. Qg5+ Kf8 32. Rf6+ Qxf6
33. Qxf6+ Ke8 34. Bd3 1-0

[Event "OPEN B - XVII MIEDZYNARODOWY FESTIWAL S"]
[Site "GOLD CHESS Open  - Rewal"]
[Date "2012.??.??"]
[Round "3.16"]
[White "Obiedzinski, Pawel"]
[Black "Sikorski, Tomasz"]
[Result "1-0"]
[WhiteElo "2040"]
[BlackElo "1735"]
[PlyCount "43"]
[EventDate "2012.??.??"]

1. d4 e6 2. c4 d5 3. cxd5 exd5 4. Nc3 c6 5. Nf3 Bf5 6. Bf4 Bd6 7. Bxd6 Qxd6 8.
Qb3 Qc7 9. e3 Nd7 10. Be2 h6 11. Rc1 Qb6 12. Qa3 Ne7 13. O-O f6 14. Rfe1 Kf7
15. e4 Be6 16. exd5 Nxd5 17. Bc4 Rhe8 18. Ne4 Kg6 19. Nd6 Re7 20. Bxd5 cxd5 21.
Qd3+ f5 22. Rxe6+ 1-0

[Event "OPEN B - XVII MIEDZYNARODOWY FESTIWAL S"]
[Site "GOLD CHESS Open  - Rewal"]
[Date "2012.??.??"]
[Round "3.17"]
[White "Poswiatowski, Stanislaw"]
[Black "Jaskolka, Tomasz"]
[Result "1/2-1/2"]
[WhiteElo "1700"]
[BlackElo "2037"]
[PlyCount "120"]
[EventDate "2012.??.??"]

1. d4 Nf6 2. Nf3 c5 3. c3 e6 4. Bg5 h6 5. Bf4 d5 6. e3 Nc6 7. Bb5 Bd7 8. O-O
Qb6 9. Bxc6 Bxc6 10. Qc2 Be7 11. h3 Bb5 12. Re1 Rc8 13. dxc5 Bxc5 14. Be5 Qa6
15. Nbd2 Bd3 16. Qd1 Nd7 17. Bxg7 Rg8 18. Be5 Bf5 19. Kh1 Nxe5 20. Nxe5 Bd6 21.
Nef3 Qd3 22. Qa4+ Ke7 23. Rad1 Rc4 24. Nxc4 Bxh3 25. Nxd6 Bxg2+ 26. Kh2 Qh7 27.
Qb4 Bxf3 28. Ne4+ Kd8 29. Qd6+ Kc8 30. Rg1 Bxe4 31. Rxg8+ Qxg8 32. Rg1 Qd8 33.
Qxd8+ Kxd8 34. Rg8+ Kc7 35. Rh8 Bb1 36. a3 Kc6 37. Rxh6 Kc5 38. Rf6 Bg6 39. Rf4
e5 40. Rb4 b6 41. Rg4 Bd3 42. f4 exf4 43. Rxf4 f5 44. Rd4 Be4 45. Kg3 a5 46.
Kf4 b5 47. Ke5 a4 48. Rb4 Bc2 49. Rf4 Be4 50. Rxf5 Bxf5 51. Kxf5 Kc4 52. Ke5
Kb3 53. Kxd5 Kxb2 54. e4 Kxa3 55. e5 b4 56. cxb4 Kxb4 57. e6 a3 58. e7 a2 59.
e8=Q a1=Q 60. Qb8+ Ka3 1/2-1/2

[Event "OPEN B - XVII MIEDZYNARODOWY FESTIWAL S"]
[Site "GOLD CHESS Open  - Rewal"]
[Date "2012.??.??"]
[Round "3.18"]
[White "Nun, Grzegorz"]
[Black "Kaluzny, Wlodzimierz"]
[Result "1-0"]
[WhiteElo "1726"]
[BlackElo "2011"]
[PlyCount "111"]
[EventDate "2012.??.??"]

1. e4 e6 2. d4 d6 3. c4 Nf6 4. Nc3 Be7 5. Nf3 c6 6. Bd3 Qc7 7. O-O e5 8. d5 Bg4
9. h3 Bh5 10. Be3 Nbd7 11. Be2 O-O 12. Nh4 Bg6 13. Bf3 Ne8 14. Nf5 Bxf5 15.
exf5 c5 16. g4 Qd8 17. Ne4 Ndf6 18. Kh2 Nxe4 19. Bxe4 Bg5 20. Qd2 Bxe3 21. Qxe3
Nf6 22. f3 Nxe4 23. fxe4 f6 24. Rg1 h6 25. h4 Kf7 26. Rg3 Rh8 27. Kg2 Qe7 28.
Rg1 Rag8 29. Qa3 Qc7 30. Kf1 a6 31. Qe3 Qa5 32. a3 b5 33. b4 Qa4 34. cxb5 Qxb5+
35. Kg2 Rb8 36. bxc5 dxc5 37. Rc1 c4 38. a4 Qb2+ 39. Kh3 Rb3 40. Qa7+ Kg8 41.
Rcg1 Kh7 42. Qf7 Rhb8 43. g5 Rxg3+ 44. Rxg3 Qc1 45. Qg6+ Kh8 46. gxf6 Qh1+ 47.
Kg4 Qd1+ 48. Rf3 Qg1+ 49. Kh5 Qxg6+ 50. fxg6 gxf6 51. Rxf6 Kg7 52. Rf2 Kg8 53.
Rf7 Ra8 54. Kxh6 a5 55. d6 c3 56. d7 1-0

[Event "OPEN B - XVII MIEDZYNARODOWY FESTIWAL S"]
[Site "GOLD CHESS Open  - Rewal"]
[Date "2012.??.??"]
[Round "3.19"]
[White "Hasinski, Krystian"]
[Black "Niedbal, Piotr"]
[Result "1/2-1/2"]
[WhiteElo "1925"]
[BlackElo "1693"]
[PlyCount "68"]
[EventDate "2012.??.??"]

1. d4 d5 2. Nf3 Nf6 3. c4 c6 4. e3 Bg4 5. Nc3 dxc4 6. Bxc4 e6 7. O-O Be7 8. Be2
O-O 9. a3 Nbd7 10. b4 Rc8 11. h3 Bh5 12. e4 Qc7 13. Be3 Rfd8 14. Qb3 a6 15.
Rac1 Qb8 16. Rfd1 Bg6 17. e5 Nd5 18. Nxd5 cxd5 19. a4 Rxc1 20. Rxc1 Rc8 21. b5
Rxc1+ 22. Bxc1 Qc7 23. Ba3 Bxa3 24. Qxa3 a5 25. Ne1 Nb6 26. Kh2 h6 27. Bd1 Qc4
28. Qc5 Qf1 29. Qxb6 Qxe1 30. Bf3 Qxf2 31. Qxb7 Qxd4 32. Qc7 Be4 33. b6 Bxf3
34. gxf3 Qf2+ 1/2-1/2

[Event "OPEN B - XVII MIEDZYNARODOWY FESTIWAL S"]
[Site "GOLD CHESS Open  - Rewal"]
[Date "2012.??.??"]
[Round "3.20"]
[White "Obiedzinski, Piotr"]
[Black "Krzysztofiak, Zdzislaw"]
[Result "1-0"]
[WhiteElo "1913"]
[BlackElo "1671"]
[PlyCount "59"]
[EventDate "2012.??.??"]

1. d4 Nf6 2. Bg5 d5 3. e3 c5 4. c3 h6 5. Bf4 Nc6 6. Bd3 c4 7. Bc2 b5 8. Nd2 e6
9. Ngf3 Nh5 10. Be5 Nxe5 11. Nxe5 Nf6 12. e4 Bb7 13. Qe2 Bd6 14. Nxf7 Kxf7 15.
e5 Rf8 16. exd6 Qxd6 17. Nf3 Nd7 18. O-O Kg8 19. Rae1 Rae8 20. Bb1 Rf6 21. Ne5
Qe7 22. Qc2 Rf5 23. h3 Nxe5 24. Rxe5 Ref8 25. Qxf5 Rxf5 26. Bxf5 Bc8 27. Rfe1
Qb7 28. Bxe6+ Bxe6 29. Rxe6 a5 30. Re7 1-0

[Event "OPEN B - XVII MIEDZYNARODOWY FESTIWAL S"]
[Site "GOLD CHESS Open  - Rewal"]
[Date "2012.??.??"]
[Round "3.21"]
[White "Nun, Ryszard"]
[Black "Gawiec, Konrad"]
[Result "0-1"]
[WhiteElo "1652"]
[BlackElo "1911"]
[PlyCount "40"]
[EventDate "2012.??.??"]

1. d4 Nf6 2. c4 c5 3. d5 e6 4. Nc3 exd5 5. cxd5 Bd6 6. Nf3 O-O 7. Bg5 Re8 8. e4
h6 9. Bxf6 Qxf6 10. Bd3 a6 11. a4 Be7 12. O-O d6 13. Nd2 Nd7 14. f4 Qd4+ 15.
Kh1 Qxd3 16. Qf3 Qd4 17. g4 Nf6 18. Ne2 Qb4 19. Qb3 Nxe4 20. Nxe4 Qxe4+ 0-1

[Event "OPEN B - XVII MIEDZYNARODOWY FESTIWAL S"]
[Site "GOLD CHESS Open  - Rewal"]
[Date "2012.??.??"]
[Round "3.22"]
[White "Kuspak, Aleksander"]
[Black "Bobryk, Konrad"]
[Result "1-0"]
[WhiteElo "1866"]
[BlackElo "1616"]
[PlyCount "83"]
[EventDate "2012.??.??"]

1. e4 c5 2. Nf3 Nc6 3. Nc3 g6 4. d4 cxd4 5. Nxd4 Bg7 6. Be3 Nf6 7. Nb3 O-O 8.
Be2 d6 9. f4 Bd7 10. Bf3 Qb8 11. O-O Rc8 12. a4 Nb4 13. h3 Bc6 14. Qd2 b6 15.
Nd4 Bb7 16. Rae1 Na6 17. e5 dxe5 18. fxe5 Ne8 19. Nd5 Bxd5 20. Bxd5 e6 21. Bxa8
Qxa8 22. Bg5 Nc5 23. Qf4 Qb7 24. b3 Rc7 25. Rd1 Rd7 26. Nb5 a6 27. Nc3 Rxd1 28.
Rxd1 Qc7 29. Rd8 Kf8 30. Qd2 Nb7 31. Rd7 Qc5+ 32. Be3 Qxe5 33. Bd4 Qb8 34.
Bxg7+ Kxg7 35. Ne4 Nf6 36. Qc3 e5 37. Nxf6 Kxf6 38. Qf3+ Kg5 39. Rxb7 Qf8 40.
Rxf7 Qc5+ 41. Qf2 Qd5 42. Qe3+ 1-0

[Event "OPEN B - XVII MIEDZYNARODOWY FESTIWAL S"]
[Site "GOLD CHESS Open  - Rewal"]
[Date "2012.??.??"]
[Round "3.23"]
[White "Drela, Michal"]
[Black "Murawko, Katarzyna"]
[Result "1/2-1/2"]
[WhiteElo "1570"]
[BlackElo "1859"]
[PlyCount "42"]
[EventDate "2012.??.??"]

1. d4 c5 2. d5 d6 3. c4 g6 4. Nc3 Bg7 5. Qc2 Nf6 6. e4 Nbd7 7. Nf3 O-O 8. Bd3
Ng4 9. O-O Nde5 10. Nxe5 Nxe5 11. Bf4 Nxd3 12. Qxd3 f5 13. f3 a6 14. a4 Qb6 15.
Rab1 Qb3 16. Bd2 Bd4+ 17. Kh1 Bd7 18. a5 b5 19. axb6 Qxb6 20. b3 fxe4 21. Nxe4
Bg7 1/2-1/2

[Event "OPEN B - XVII MIEDZYNARODOWY FESTIWAL S"]
[Site "GOLD CHESS Open  - Rewal"]
[Date "2012.??.??"]
[Round "3.25"]
[White "Duszenko, Michal"]
[Black "Kasianczuk, Krzysztof"]
[Result "1/2-1/2"]
[WhiteElo "1852"]
[BlackElo "1590"]
[PlyCount "106"]
[EventDate "2012.??.??"]

1. e4 c5 2. Nf3 Nc6 3. d4 cxd4 4. Nxd4 Nf6 5. Nc3 e5 6. Ndb5 d6 7. Bg5 a6 8.
Na3 b5 9. Nd5 Be7 10. Bxf6 Bxf6 11. Be2 Bg5 12. c3 O-O 13. Nc2 Ne7 14. Nce3 f5
15. Nxe7+ Qxe7 16. Nxf5 Bxf5 17. exf5 Kh8 18. Qd5 Rad8 19. O-O Rxf5 20. a4 Rdf8
21. axb5 e4 22. Qd4 axb5 23. Rad1 Bf4 24. g3 Be5 25. Qxe4 Rxf2 26. Rxf2 Rxf2
27. Rf1 Rxf1+ 28. Kxf1 Bf6 29. Qxe7 Bxe7 30. Bxb5 Kg8 31. Ke2 Kf7 32. Kd3 Bf6
33. Ke4 Ke7 34. Kd5 h6 35. Kc6 Be5 36. Be2 Bf6 37. b4 Bxc3 38. b5 Kd8 39. Bg4
d5 40. b6 Be5 41. Kxd5 Bb8 42. Kc6 g6 43. Kb7 Be5 44. Ka8 h5 45. Bf3 h4 46. g4
Bxh2 47. b7 Ke7 48. b8=Q Bxb8 49. Kxb8 Kf6 50. Kc7 h3 51. Kd6 Kg5 52. Ke5 h2
53. Ke4 h1=Q 1/2-1/2

[Event "OPEN B - XVII MIEDZYNARODOWY FESTIWAL S"]
[Site "GOLD CHESS Open  - Rewal"]
[Date "2012.??.??"]
[Round "3.26"]
[White "Warchol, Maria"]
[Black "Chylewski, Patryk"]
[Result "1-0"]
[WhiteElo "1841"]
[BlackElo "1562"]
[PlyCount "65"]
[EventDate "2012.??.??"]

1. e4 e6 2. d4 d5 3. Nc3 Bb4 4. e5 c5 5. Bd2 cxd4 6. Nb5 Bf8 7. Nf3 Nc6 8.
Nbxd4 Qc7 9. Bf4 Bc5 10. c3 Nge7 11. Bd3 Qb6 12. Qd2 Nxd4 13. Nxd4 Nc6 14. Nxc6
bxc6 15. b4 Be7 16. Be3 Qc7 17. f4 c5 18. a3 Rb8 19. O-O Bd7 20. Qf2 cxb4 21.
cxb4 a5 22. Rfc1 Qd8 23. Ba7 axb4 24. Bxb8 Qxb8 25. axb4 Qxb4 26. Ra8+ Bd8 27.
Rb1 Qe7 28. Ra7 Qf8 29. Rb8 f6 30. Qb6 Qe7 31. Raa8 Kf7 32. Rxd8 Rxd8 33. Rxd8
1-0

[Event "OPEN B - XVII MIEDZYNARODOWY FESTIWAL S"]
[Site "GOLD CHESS Open  - Rewal"]
[Date "2012.??.??"]
[Round "3.27"]
[White "Przybylska, Agata"]
[Black "Nowak, Ryszard"]
[Result "0-1"]
[WhiteElo "1689"]
[BlackElo "2046"]
[PlyCount "50"]
[EventDate "2012.??.??"]

1. e4 c6 2. d4 d5 3. e5 Bf5 4. Bd3 Bxd3 5. Qxd3 e6 6. f4 Nh6 7. Nf3 Nf5 8. c3
h5 9. Be3 Qb6 10. b3 c5 11. Nbd2 Nc6 12. O-O cxd4 13. Nxd4 Ncxd4 14. Bxd4 Bc5
15. Nf3 Rc8 16. Rac1 O-O 17. b4 Bxd4+ 18. Nxd4 Rc4 19. Rcd1 Rfc8 20. Rf2 Rxc3
21. Qb5 Rc1 22. Rfd2 Qxd4+ 23. Rxd4 Nxd4 24. Qf1 Rxd1 25. Qxd1 Rc1 0-1

[Event "OPEN B - XVII MIEDZYNARODOWY FESTIWAL S"]
[Site "GOLD CHESS Open  - Rewal"]
[Date "2012.??.??"]
[Round "3.28"]
[White "Jablonska, Sabina"]
[Black "Baran, Dawid"]
[Result "1-0"]
[WhiteElo "1979"]
[BlackElo "1740"]
[PlyCount "51"]
[EventDate "2012.??.??"]

1. e4 c5 2. Nf3 d6 3. d4 cxd4 4. Nxd4 Nf6 5. Nc3 g6 6. Be3 Bg7 7. f3 O-O 8. Qd2
Nc6 9. Bc4 Bd7 10. O-O-O Rc8 11. Bb3 Ne5 12. g4 a6 13. h4 h5 14. gxh5 Nxh5 15.
Rdg1 Nc4 16. Bxc4 Rxc4 17. Nce2 Bb5 18. Ng3 Nxg3 19. Rxg3 Qc7 20. h5 Rc8 21.
Rg2 Rxd4 22. Bxd4 Qc4 23. Bxg7 Qxa2 24. Qh6 Qa1+ 25. Kd2 Qa5+ 26. c3 1-0

[Event "OPEN B - XVII MIEDZYNARODOWY FESTIWAL S"]
[Site "GOLD CHESS Open  - Rewal"]
[Date "2012.??.??"]
[Round "3.29"]
[White "Gajzner, Ryszard"]
[Black "Blaszkiewicz, Mateusz"]
[Result "1/2-1/2"]
[WhiteElo "1734"]
[BlackElo "1879"]
[PlyCount "98"]
[EventDate "2012.??.??"]

1. Nf3 f5 2. g3 Nf6 3. Bg2 g6 4. c4 Bg7 5. Nc3 O-O 6. d4 d6 7. O-O c6 8. d5 e5
9. dxe6 Bxe6 10. Qd3 Na6 11. Bf4 d5 12. cxd5 Nxd5 13. Be5 Bxe5 14. Nxe5 Qc7 15.
Nxd5 Qxe5 16. Ne7+ Kh8 17. Nxc6 Qxb2 18. Rfb1 Qf6 19. Nd4 Rad8 20. e3 Nc5 21.
Qb5 b6 22. Nxe6 Qxe6 23. Qb2+ Qf6 24. Qxf6+ Rxf6 25. Rd1 Rfd6 26. Bf3 Rd2 27.
Kf1 R8d3 28. Rxd2 Rxd2 29. Be2 Kg7 30. a4 Kf6 31. f3 Rb2 32. Ra3 a5 33. Ra1 Rb3
34. Kf2 Rb4 35. Bb5 Ke5 36. h4 Rb2+ 37. Be2 Nb3 38. Rd1 Ra2 39. Rb1 Ra3 40. Bc4
Nd2 41. Rb5+ Kf6 42. Rxb6+ Kg7 43. Rb7+ Kf6 44. Bb5 Ra2 45. Ke2 Ne4+ 46. Ke1
Ra1+ 47. Ke2 Ra2+ 48. Ke1 Ra1+ 49. Ke2 Ra2+ 1/2-1/2

[Event "OPEN B - XVII MIEDZYNARODOWY FESTIWAL S"]
[Site "GOLD CHESS Open  - Rewal"]
[Date "2012.??.??"]
[Round "3.30"]
[White "Woloch, Oskar"]
[Black "Knap, Jerzy"]
[Result "1/2-1/2"]
[WhiteElo "1564"]
[BlackElo "1798"]
[PlyCount "76"]
[EventDate "2012.??.??"]

1. g3 d5 2. Bg2 Nf6 3. d3 e5 4. e3 Nc6 5. Ne2 Be6 6. c3 Bd6 7. b4 O-O 8. O-O
Qd7 9. a4 Bh3 10. b5 Ne7 11. c4 Bxg2 12. Kxg2 a6 13. Nbc3 axb5 14. cxb5 c6 15.
Bd2 Rfc8 16. b6 Bb4 17. Nb1 c5 18. Bxb4 cxb4 19. d4 e4 20. Nd2 Nc6 21. Nb3 Na5
22. Nc5 Qc6 23. Rb1 Qxb6 24. Nc3 Qc6 25. Na2 b6 26. Nxb4 Qe8 27. Nca6 Nc4 28.
Ra1 Qd7 29. Qe2 h5 30. Rfc1 Qg4 31. Qxg4 hxg4 32. h3 gxh3+ 33. Kxh3 Kf8 34. Rc3
Ke7 35. Rac1 Kd6 36. g4 g5 37. Kg3 Kd7 38. Rd1 Kd6 1/2-1/2

[Event "OPEN B - XVII MIEDZYNARODOWY FESTIWAL S"]
[Site "GOLD CHESS Open  - Rewal"]
[Date "2012.??.??"]
[Round "3.31"]
[White "Janke, Georg"]
[Black "Jaskiewicz, Kamila"]
[Result "1/2-1/2"]
[WhiteElo "1794"]
[BlackElo "1661"]
[PlyCount "36"]
[EventDate "2012.??.??"]

1. d4 d5 2. Nf3 Nf6 3. e3 e6 4. Bd3 c5 5. c3 Nbd7 6. Nbd2 Bd6 7. Qe2 O-O 8. e4
dxe4 9. Nxe4 Nxe4 10. Bxe4 Nf6 11. Bg5 cxd4 12. Nxd4 Be7 13. O-O Nxe4 14. Bxe7
Nxc3 15. Qc4 Qxe7 16. Qxc3 a6 17. Rfe1 Qf6 18. Rac1 Bd7 1/2-1/2

[Event "OPEN B - XVII MIEDZYNARODOWY FESTIWAL S"]
[Site "GOLD CHESS Open  - Rewal"]
[Date "2012.??.??"]
[Round "3.32"]
[White "Murawko, Julia"]
[Black "Lewtak, Dominik"]
[Result "0-1"]
[WhiteElo "1607"]
[BlackElo "1776"]
[PlyCount "66"]
[EventDate "2012.??.??"]

1. e4 c5 2. Nf3 Nf6 3. Nc3 Nc6 4. d4 d5 5. exd5 Nxd5 6. Nxd5 Qxd5 7. Bb5 cxd4
8. Bxc6+ Qxc6 9. Qxd4 Qxc2 10. O-O e6 11. Bf4 Qc5 12. Qd3 Be7 13. Rac1 Qb4 14.
Rc4 Qb6 15. Bc7 Qa6 16. a3 O-O 17. Rd1 b6 18. Qb3 Bc5 19. Qc3 Qb5 20. b4 Be7
21. Nd4 Qh5 22. Qf3 Qxf3 23. Nxf3 Bb7 24. Nd2 Bd5 25. Rcc1 Rac8 26. Be5 f6 27.
Bf4 a5 28. bxa5 bxa5 29. Nb1 Kf7 30. Bd2 a4 31. Rxc8 Rxc8 32. Rc1 Rb8 33. h3
Rb3 0-1

[Event "OPEN B - XVII MIEDZYNARODOWY FESTIWAL S"]
[Site "GOLD CHESS Open  - Rewal"]
[Date "2012.??.??"]
[Round "3.33"]
[White "Kopica, Paulina"]
[Black "Wodecki, Michal"]
[Result "1-0"]
[WhiteElo "1744"]
[BlackElo "1440"]
[PlyCount "65"]
[EventDate "2012.??.??"]

1. e4 e5 2. d4 exd4 3. Nf3 d6 4. Nxd4 Nf6 5. Nc3 Be7 6. Bc4 O-O 7. O-O Nbd7 8.
h3 Ne5 9. Be2 Ng6 10. f4 b6 11. Qe1 Bb7 12. Bf3 Re8 13. Nf5 Bf8 14. Ng3 Nh4 15.
Qf2 Nxf3+ 16. Qxf3 Rb8 17. Qd3 Qc8 18. Re1 Ba8 19. Bd2 Qb7 20. Re2 Rbd8 21.
Rae1 Qc8 22. Nd5 Nxd5 23. exd5 Rxe2 24. Rxe2 Re8 25. c4 Bb7 26. Bc3 Qd7 27.
Rxe8 Qxe8 28. b3 c6 29. Nh5 cxd5 30. Qg3 Qe2 31. Nxg7 d4 32. Nf5+ Kh8 33. Bxd4+
1-0

[Event "OPEN B - XVII MIEDZYNARODOWY FESTIWAL S"]
[Site "GOLD CHESS Open  - Rewal"]
[Date "2012.??.??"]
[Round "3.34"]
[White "Huchler, Harald"]
[Black "Kowalczyk, Adam"]
[Result "0-1"]
[WhiteElo "1446"]
[BlackElo "1896"]
[PlyCount "58"]
[EventDate "2012.??.??"]

1. e4 c5 2. Nf3 e6 3. d4 cxd4 4. Nxd4 Nc6 5. c3 Qc7 6. Nd2 a6 7. N2f3 Nf6 8.
Bd3 b6 9. O-O Bb7 10. Bg5 Nxd4 11. cxd4 Nxe4 12. Re1 Nxg5 13. Nxg5 Be7 14. Nf3
Qf4 15. Be2 Bb4 16. Rf1 Bd6 17. g3 Qe4 18. Rc1 O-O 19. Rc3 Rfc8 20. Qd3 Qxd3
21. Rxd3 Rc2 22. Rd2 Rac8 23. Rfd1 Bb4 24. Rxc2 Rxc2 25. Bd3 Rxb2 26. Ne5 Rxa2
27. Nxd7 Bd2 28. Nxb6 Bc3 29. Na4 Bxd4 0-1

[Event "OPEN B - XVII MIEDZYNARODOWY FESTIWAL S"]
[Site "GOLD CHESS Open  - Rewal"]
[Date "2012.??.??"]
[Round "3.35"]
[White "Hadzicki, Tomasz"]
[Black "Wilk, Tomasz"]
[Result "0-1"]
[WhiteElo "1858"]
[BlackElo "1667"]
[PlyCount "46"]
[EventDate "2012.??.??"]

1. e4 c5 2. d4 cxd4 3. c3 d3 4. Bxd3 d6 5. f4 g6 6. Nf3 Bg7 7. O-O Nf6 8. Nbd2
O-O 9. Nc4 b5 10. Ne3 Qb6 11. Kh1 Bb7 12. Qc2 Nbd7 13. e5 dxe5 14. fxe5 Nd5 15.
Ng4 Rfd8 16. Bh6 Bxh6 17. Nxh6+ Kg7 18. Nxf7 Kxf7 19. e6+ Kxe6 20. Nd4+ Kd6 21.
Nxb5+ Kc6 22. Rad1 e5 23. Rfe1 Ne3 0-1

[Event "OPEN B - XVII MIEDZYNARODOWY FESTIWAL S"]
[Site "GOLD CHESS Open  - Rewal"]
[Date "2012.??.??"]
[Round "3.36"]
[White "Strek, Jaroslaw"]
[Black "Hagner, Pawel"]
[Result "0-1"]
[WhiteElo "1493"]
[BlackElo "1823"]
[PlyCount "116"]
[EventDate "2012.??.??"]

1. d4 Nf6 2. e3 g6 3. c4 Bg7 4. Nc3 d6 5. Bd3 O-O 6. Nf3 Nbd7 7. Rb1 e5 8. O-O
Re8 9. Qc2 Qe7 10. Nd2 Nh5 11. Nf3 Nhf6 12. dxe5 dxe5 13. Ne4 Nxe4 14. Bxe4 c6
15. Nd2 f5 16. Bf3 Nf6 17. e4 a5 18. b3 f4 19. c5 Bf8 20. Ba3 b5 21. b4 Be6 22.
Rb2 Red8 23. Nb3 Bxb3 24. Qxb3+ Kg7 25. bxa5 Rxa5 26. Bb4 Ra7 27. Rd1 Rad7 28.
Rd6 Rxd6 29. cxd6 Qf7 30. Qd1 Qc4 31. Be2 Qxe4 32. Bf3 Qc4 33. Be2 Qe6 34. Rd2
Ne4 35. Rd3 c5 36. Ba5 Rxd6 37. Rxd6 Qxd6 38. Qxd6 Nxd6 39. Bxb5 Nxb5 40. a4
Nd4 41. Bc3 Ne2+ 42. Kf1 Nxc3 43. a5 Nb5 44. Ke2 Kf6 45. Kd3 Nc7 46. Kc4 Ke6
47. g3 fxg3 48. hxg3 e4 49. g4 h6 50. Kc3 Ke5 51. Kc4 Kf4 52. Kc3 Kxg4 53. Kd2
Kf3 54. Ke1 c4 55. Kf1 c3 56. a6 Nxa6 57. Ke1 Bb4 58. Kf1 Nc5 0-1

[Event "OPEN B - XVII MIEDZYNARODOWY FESTIWAL S"]
[Site "GOLD CHESS Open  - Rewal"]
[Date "2012.??.??"]
[Round "3.37"]
[White "Wodecki, Mikolaj"]
[Black "Jasnikowska, Malgorzata"]
[Result "0-1"]
[WhiteElo "1300"]
[BlackElo "1725"]
[PlyCount "77"]
[EventDate "2012.??.??"]

1. e4 c5 2. c3 d5 3. exd5 Qxd5 4. d4 Nc6 5. Nf3 Bg4 6. Be2 Nf6 7. c4 Qd6 8. d5
Ne5 9. Nc3 a6 10. Be3 Bxf3 11. Bxf3 Nxf3+ 12. Qxf3 g6 13. Na4 Rc8 14. Bf4 Qd8
15. O-O b5 16. Nc3 bxc4 17. Rad1 Bg7 18. d6 e6 19. Bg5 O-O 20. Ne4 h6 21. Bxf6
Bxf6 22. Qxf6 Qxf6 23. Nxf6+ Kg7 24. Ng4 Rb8 25. d7 Rfd8 26. Ne3 Rxb2 27. Nxc4
Rb7 28. Ne5 f6 29. Nc6 Rdxd7 30. Rxd7+ Rxd7 31. Nb8 Rd6 32. Rc1 Kf7 33. Kf1 Ke8
34. Rb1 Kd8 35. Ke2 Kc7 36. Ke3 c4 37. Rb4 c3 38. Rb3 a5 39. Rxc3+ 0-1

[Event "OPEN B - XVII MIEDZYNARODOWY FESTIWAL S"]
[Site "GOLD CHESS Open  - Rewal"]
[Date "2012.??.??"]
[Round "3.38"]
[White "Maliszewski, Jacek"]
[Black "Czerniawski, Krzysztof"]
[Result "1-0"]
[WhiteElo "1720"]
[BlackElo "1569"]
[PlyCount "37"]
[EventDate "2012.??.??"]

1. d4 Nf6 2. Nf3 g6 3. c3 Bg7 4. Nbd2 d5 5. e3 O-O 6. Bd3 c5 7. O-O b6 8. dxc5
bxc5 9. e4 e6 10. exd5 Qxd5 11. Qe2 Bb7 12. Nc4 Qh5 13. Nfe5 Qxe2 14. Bxe2 Rd8
15. Be3 Nfd7 16. Nxf7 Kxf7 17. Nd6+ Kf8 18. Nxb7 Rc8 19. Bf3 1-0

[Event "OPEN B - XVII MIEDZYNARODOWY FESTIWAL S"]
[Site "GOLD CHESS Open  - Rewal"]
[Date "2012.??.??"]
[Round "4.1"]
[White "Kaczmarek, Aleksander"]
[Black "Bes, Michal"]
[Result "1-0"]
[WhiteElo "2097"]
[BlackElo "1977"]
[PlyCount "157"]
[EventDate "2012.??.??"]

1. e4 d6 2. d4 g6 3. f4 Bg7 4. Nf3 c6 5. c3 Bg4 6. h3 Bxf3 7. Qxf3 d5 8. e5 e6
9. Qf2 h5 10. Nd2 Nd7 11. Nf3 Nh6 12. Nh4 b5 13. Bd3 Nf8 14. a4 a6 15. Qg3 Rg8
16. O-O Nf5 17. Nxf5 exf5 18. Be3 Ne6 19. Ra2 Kd7 20. Rfa1 Rc8 21. Qf3 Nc7 22.
axb5 axb5 23. b3 Ke6 24. Ra7 Ra8 25. Rxa8 Nxa8 26. Ra6 Nb6 27. c4 bxc4 28. bxc4
Qc7 29. c5 Nc8 30. Qd1 Ne7 31. Qa4 Rb8 32. Bd2 Bh6 33. Bb5 Kd7 34. Ba5 Qc8 35.
Ra7+ Ke6 36. Rc7 Rxb5 37. Rxc8 Nxc8 38. Bd2 Bf8 39. Qd1 Rb2 40. Bc3 Rb5 41. g4
hxg4 42. hxg4 Ne7 43. Be1 Bh6 44. Bh4 Bxf4 45. Bxe7 Be3+ 46. Kg2 Kxe7 47. gxf5
gxf5 48. Qa4 Ke6 49. Qa8 Kd7 50. Qa7+ Kc8 51. Qxf7 Bxd4 52. Qxf5+ Kb7 53. Qd7+
Ka6 54. Qxc6+ Ka5 55. Qxd5 Bxc5 56. e6 Kb6 57. Qd8+ Kc6 58. e7 Rb2+ 59. Kf3
Rb3+ 60. Kf4 Bxe7 61. Qxe7 Rb5 62. Qe6+ Kc5 63. Ke4 Rb4+ 64. Ke5 Rb5 65. Qc8+
Kb4+ 66. Kd4 Ka5 67. Qc7+ Ka6 68. Qc6+ Rb6 69. Qa4+ Kb7 70. Qd7+ Kb8 71. Kc5
Rb7 72. Qd8+ Ka7 73. Kc6 Rb1 74. Qd4+ Ka8 75. Qa4+ Kb8 76. Qf4+ Ka8 77. Qf8+
Ka7 78. Qf2+ Kb8 79. Qh2+ 1-0